[Event "Tournoi Skype 030A"]
[Site "Skype"]
[Date "????.??.??"]
[Round "3.2"]
[White "Espadina Solano, Jaime"]
[Black "Blasco, Raul"]
[Result "1/2-1/2"]
[WhiteElo "1553"]
[BlackElo "1978"]
[PlyCount "69"]

1. e4 c5 2. Nf3 Nc6 3. d3 g6 4. g3 Bg7 5. Bg2 e6 6. O-O Nge7 7. c3 d5 8. Nbd2
O-O 9. Re1 Qc7 10. Qe2 h6 11. h4 b6 12. Nf1 Bb7 13. e5 b5 14. Bf4 b4 15. d4
bxc3 16. bxc3 cxd4 17. cxd4 Qb6 18. Rab1 Ba6 19. Qd2 Qa5 20. Bxh6 Nf5 21. Qxa5
Nxa5 22. Bxg7 Kxg7 23. Ne3 Bd3 24. Nxf5+ Bxf5 25. Rb5 Nc6 26. Rc1 Rfc8 27. Rbc5
Ne7 28. Nd2 Rxc5 29. Rxc5 Rc8 30. Rxc8 Nxc8 31. Bf1 Ne7 32. Bb5 Bc2 33. g4 a6
34. Bd7 Bd3 35. Kg2 1/2-1/2

[Event "Tournoi Skype 030A"]
[Site "Skype"]
[Date "????.??.??"]
[Round "3.3"]
[White "Le Brun, Yves"]
[Black "Mayor Martinez, Juan Jose"]
[Result "0-1"]
[WhiteElo "1321"]
[BlackElo "1749"]
[PlyCount "108"]

1. d4 d5 2. Bf4 c6 3. Nf3 Nd7 4. e3 Ngf6 5. h3 e6 6. Nbd2 a6 7. Be2 Ne4 8. O-O
Ndf6 9. Ne5 Nxd2 10. Qxd2 Ne4 11. Qe1 f6 12. Nd3 Bd6 13. f3 Bxf4 14. Nxf4 Nd6
15. g4 O-O 16. Qg3 e5 17. dxe5 fxe5 18. Ng2 Qd7 19. Bd3 c5 20. Qxe5 Nf7 21. Qg3
Qe7 22. Rae1 c4 23. Bf5 Bxf5 24. gxf5 Qc5 25. Kh2 Rae8 26. f4 Nd6 27. Nh4 Nxf5
28. Nxf5 Rxf5 29. Rg1 Qf8 30. Qf3 Qf7 31. Kg3 Qf6 32. c3 Qg6+ 33. Qg4 Qf7 34.
h4 Re6 35. Kh3 Rg6 36. Qf3 Rxg1 37. Rxg1 Qe6 38. Kh2 Qf6 39. Kh3 h6 40. h5 Qf7
41. Rg6 Kh7 42. Kg4 Rf6 43. Rxf6 gxf6 44. e4 Qd7+ 45. f5 d4 46. cxd4 Qxd4 47.
Qe2 Qg1+ 48. Kh4 b5 49. Kh3 Qh1+ 50. Kg4 Qc1 51. Kg3 a5 52. a3 b4 53. axb4 axb4
54. Qg4 Qg1+ 0-1

[Event "Tournoi Skype 030A"]
[Site "Skype"]
[Date "????.??.??"]
[Round "3.4"]
[White "Rico Hernandez, Edgar"]
[Black "Lambert, Pierre"]
[Result "1-0"]
[WhiteElo "1748"]
[BlackElo "1660"]
[PlyCount "91"]

1. d4 Nf6 2. c4 g6 3. Nc3 Bg7 4. e4 d6 5. f4 e5 6. dxe5 dxe5 7. Qxd8+ Kxd8 8.
fxe5 Ng4 9. Bg5+ Ke8 10. Rd1 Bd7 11. h3 Nxe5 12. Nd5 f6 13. Nxf6+ Kf7 14. Nd5
Na6 15. Ne2 Rhe8 16. Ng3 c6 17. Nc3 Nc5 18. Be2 Kg8 19. O-O Ne6 20. Be3 b6 21.
Rd2 Rad8 22. Rfd1 Bc8 23. Rxd8 Rxd8 24. Rxd8+ Nxd8 25. Nf1 Be6 26. Nd2 Ndf7 27.
Nd1 Nd6 28. b3 Ne8 29. Nf3 Nd6 30. Nf2 Ndf7 31. Nxe5 Nxe5 32. Nd3 Nxd3 33. Bxd3
Be5 34. Kf2 Kf7 35. Bg5 Bd7 36. Kf3 c5 37. Bf4 Kf6 38. Be3 Bc8 39. g4 Ke6 40.
Bf4 a6 41. h4 Bd7 42. Be3 Bd6 43. Bf4 Be5 44. Bf1 b5 45. g5 b4 46. Bh3+ 1-0

[Event "Tournoi Skype 030A"]
[Site "Skype"]
[Date "????.??.??"]
[Round "3.6"]
[White "Calcino, Luis"]
[Black "Vaswani, Manohar"]
[Result "1-0"]
[WhiteElo "1694"]
[BlackElo "1226"]
[PlyCount "49"]

1. e4 e5 2. Nf3 Nc6 3. Bb5 Bd6 4. O-O Nf6 5. d4 exd4 6. Bxc6 dxc6 7. e5 Bxe5 8.
Nxe5 O-O 9. h3 c5 10. Qf3 Re8 11. Nc4 c6 12. Bg5 Be6 13. Nbd2 Bd5 14. Qg3 b5
15. Nd6 Re6 16. Nf5 g6 17. Nh6+ Kf8 18. Qh4 Qd6 19. Ng4 Nh5 20. f4 Re2 21. Nf3
Rxc2 22. Rae1 Re8 23. Bh6+ Ng7 24. Bxg7+ Kxg7 25. Qh6+ 1-0

[Event "Tournoi Skype 030A"]
[Site "Skype"]
[Date "????.??.??"]
[Round "3.7"]
[White "Hilton, Stephen"]
[Black "Casey, Eamonn"]
[Result "0-1"]
[WhiteElo "1865"]
[BlackElo "1538"]
[PlyCount "42"]

1. d4 Nf6 2. c4 e6 3. Nc3 d5 4. Bg5 Be7 5. e3 O-O 6. Nf3 Nbd7 7. cxd5 exd5 8.
Bd3 h6 9. Bh4 c6 10. O-O Re8 11. Bg3 Nh5 12. Qc2 Nxg3 13. hxg3 Nf6 14. Ne5 Be6
15. f4 Ng4 16. Rae1 Nxe5 17. dxe5 d4 18. exd4 Qxd4+ 19. Kh2 Bc4 20. Bxc4 Qxc4
21. Re4 Qxf1 0-1

[Event "Tournoi Skype 030A"]
[Site "Skype"]
[Date "????.??.??"]
[Round "3.8"]
[White "Deville, Olivier"]
[Black "Karia, Vijay"]
[Result "1-0"]
[WhiteElo "1767"]
[BlackElo "1447"]
[PlyCount "69"]

1. d4 Nf6 2. c4 d5 3. cxd5 Nxd5 4. Nf3 Bg4 5. Ne5 Nf6 6. Nxg4 Nxg4 7. e4 Nf6 8.
Nc3 e6 9. Bd3 c6 10. Be3 Qb6 11. Qc2 h6 12. d5 c5 13. O-O Nbd7 14. dxe6 Qxe6
15. Nb5 Qc6 16. Bf4 Kd8 17. Rfd1 a6 18. Nc3 Nh5 19. Be3 Bd6 20. Qd2 Re8 21. Be2
Bxh2+ 22. Kxh2 Nhf6 23. Kg1 Ke7 24. Nd5+ Kf8 25. Nxf6 Nxf6 26. Qd6+ Qxd6 27.
Rxd6 Nxe4 28. Rd7 b5 29. Bf3 c4 30. Rad1 Re6 31. Bxe4 Rxe4 32. Rb7 Re6 33. Rdd7
Rf6 34. Bd4 Kg8 35. Bxf6 1-0

[Event "Tournoi Skype 030A"]
[Site "Skype"]
[Date "????.??.??"]
[Round "3.9"]
[White "Chavero, Victor"]
[Black "Caputi, Giuliano"]
[Result "0-1"]
[WhiteElo "1286"]
[BlackElo "1728"]
[PlyCount "60"]

1. d4 d5 2. e3 Nf6 3. Bd3 c5 4. c3 Nc6 5. Nd2 e5 6. dxe5 Nxe5 7. Bc2 Bd6 8. f4
Nc6 9. Ngf3 Qe7 10. Qe2 O-O 11. O-O Bxf4 12. Nb3 Re8 13. Bd2 c4 14. Nc1 Bxe3+
15. Bxe3 Qxe3+ 16. Qxe3 Rxe3 17. Kf2 Ng4+ 18. Kg3 Re7 19. h3 Ne3 20. Re1 Nxc2
21. Rxe7 Nxe7 22. Rb1 d4 23. cxd4 Nf5+ 24. Kf2 Ncxd4 25. Nxd4 Nxd4 26. a3 Bf5
27. Ra1 Nc2 28. Ra2 Rd8 29. Ne2 Rd2 30. b4 Bd3 0-1

[Event "Tournoi Skype 030A"]
[Site "Skype"]
[Date "????.??.??"]
[Round "3.10"]
[White "Khunte, Aniruddha"]
[Black "Garcia Andrinal, Antonio"]
[Result "0-1"]
[WhiteElo "1174"]
[BlackElo "1632"]
[PlyCount "36"]

1. e4 c5 2. Nf3 d6 3. d4 cxd4 4. Nxd4 Nf6 5. Nc3 g6 6. Be3 Bg7 7. Bc4 a6 8. h3
O-O 9. Qd2 Nc6 10. Nxc6 bxc6 11. O-O-O Qa5 12. Kb1 Rb8 13. Bb3 Be6 14. Bxe6
fxe6 15. Bh6 Nxe4 16. Nxe4 Rxb2+ 17. Kc1 Rb1+ 18. Kxb1 Rb8+ 0-1

[Event "Tournoi Skype 030A"]
[Site "Skype"]
[Date "????.??.??"]
[Round "3.13"]
[White "Grosso, Raul"]
[Black "Marino, Giuseppe"]
[Result "1-0"]
[WhiteElo "1746"]
[BlackElo "1339"]
[PlyCount "57"]

1. Nf3 d5 2. b3 e6 3. Bb2 Be7 4. Bxg7 Bf6 5. Bxh8 Bxh8 6. d4 Nc6 7. e3 a6 8.
Nbd2 e5 9. c3 Bg4 10. Be2 Qe7 11. Rc1 O-O-O 12. Nxe5 Bxe2 13. Nxc6 Bxd1 14.
Nxe7+ Nxe7 15. Kxd1 Nf5 16. Nf3 f6 17. Ke2 Bg7 18. c4 dxc4 19. bxc4 Bh6 20. Rb1
Bf8 21. Rb3 h5 22. Rhb1 Rd7 23. Rxb7 Kd8 24. Nd2 Nd6 25. Ra7 f5 26. Rxa6 h4 27.
c5 Ne4 28. Nxe4 fxe4 29. Re6 1-0

[Event "Tournoi Skype 030A"]
[Site "Skype"]
[Date "????.??.??"]
[Round "3.14"]
[White "Grib, Johannes"]
[Black "Lucena Vaz, Jose"]
[Result "1/2-1/2"]
[WhiteElo "1328"]
[BlackElo "1674"]
[PlyCount "97"]

1. e4 c5 2. Nf3 g6 3. d4 cxd4 4. Nxd4 Nc6 5. Be3 Bg7 6. Bc4 Nf6 7. Nxc6 bxc6 8.
Bd4 Qa5+ 9. Bc3 Qc5 10. Nd2 O-O 11. Qe2 d5 12. Nb3 Qxc4 13. Qxc4 dxc4 14. Nd2
Be6 15. f3 Rab8 16. O-O-O Bh6 17. g4 Rfd8 18. h4 Bf4 19. h5 Nxg4 20. fxg4 Bxg4
21. Rdg1 Bf3 22. Rh4 Bxd2+ 23. Bxd2 Rb7 24. hxg6 fxg6 25. Rh2 Bxe4 26. Re1 Bf5
27. Rhe2 Kf7 28. Rh1 h5 29. Rhe1 Rd6 30. Rf2 Rd5 31. Ree2 e5 32. Bc3 e4 33.
Rxe4 Rbd7 34. Re1 Re7 35. Rd1 Rxd1+ 36. Kxd1 Rd7+ 37. Ke2 Kg8 38. Ke3 Kh7 39.
Rd2 Rd5 40. Kf4 Be6 41. Ke4 Bf7 42. Rf2 Rd7 43. Bd4 Bd5+ 44. Ke3 a5 45. Rf8 Kh6
46. Bf6 Rf7 47. Rh8+ Rh7 48. Ra8 Rf7 49. Rh8+ 1/2-1/2

[Event "Tournoi Skype 030A"]
[Site "Skype"]
[Date "????.??.??"]
[Round "3.15"]
[White "Calderon, Francisco"]
[Black "Kruk, Clementine"]
[Result "1-0"]
[WhiteElo "1604"]
[BlackElo "1313"]
[PlyCount "53"]

1. e4 e5 2. Nf3 Nc6 3. Bc4 Bc5 4. c3 Nf6 5. d3 d6 6. h3 Be6 7. Bxe6 fxe6 8. Qb3
Qc8 9. Ng5 Nd8 10. O-O h6 11. Nf3 c6 12. Re1 Qc7 13. Nbd2 d5 14. exd5 cxd5 15.
Nxe5 O-O 16. d4 Bd6 17. Nef3 Nf7 18. Rxe6 Rae8 19. Rxe8 Rxe8 20. Nf1 Ng5 21.
Bxg5 hxg5 22. Nxg5 Re2 23. Nf3 Qe7 24. N1d2 Bf4 25. Qd1 Bxd2 26. Nxd2 Re1+ 27.
Qxe1 1-0

[Event "Tournoi Skype 030A"]
[Site "Skype"]
[Date "????.??.??"]
[Round "3.16"]
[White "Khetre, Gaurav"]
[Black "Sepulveda, Lyda Marcela"]
[Result "0-1"]
[WhiteElo "1540"]
[BlackElo "1302"]
[PlyCount "52"]

1. e4 e5 2. Nf3 Nc6 3. Bb5 a6 4. Ba4 Nf6 5. O-O b5 6. Bb3 Be7 7. Re1 d6 8. h3
Na5 9. c3 Nxb3 10. axb3 c5 11. d4 exd4 12. cxd4 O-O 13. Be3 Nxe4 14. dxc5 Nxc5
15. Nc3 Bb7 16. Qe2 Nxb3 17. Rad1 Bf6 18. Bf4 d5 19. Be3 Re8 20. Qc2 Na5 21. b4
Nc4 22. Bc5 Rxe1+ 23. Rxe1 d4 24. Na2 Bxf3 25. gxf3 Qd7 26. Kh1 Qxh3+ 0-1

[Event "Tournoi Skype 030A"]
[Site "Skype"]
[Date "????.??.??"]
[Round "3.17"]
[White "Lopes, Marcia Maria"]
[Black "Saponara, Jose Maria"]
[Result "1/2-1/2"]
[WhiteElo "1321"]
[BlackElo "1525"]
[PlyCount "111"]

1. d4 d5 2. Bf4 e6 3. Nf3 Bd6 4. Bg3 Ne7 5. e3 b6 6. c3 Bb7 7. Bd3 Nd7 8. Bxd6
cxd6 9. O-O e5 10. Bc2 e4 11. Nfd2 Ng6 12. c4 f5 13. cxd5 O-O 14. Nc3 Nf6 15.
Bb3 Kh8 16. f3 exf3 17. Nxf3 Ne7 18. Ng5 Bc8 19. Ne6 Bxe6 20. dxe6 d5 21. Ne2
Qd6 22. Nf4 g5 23. Nh5 Qxe6 24. Nxf6 Rxf6 25. Qd3 Raf8 26. g3 g4 27. Rf2 Kg7
28. Raf1 Qd7 29. Rc2 Rc8 30. Rfc1 Rfc6 31. Ba4 Rxc2 32. Bxc2 Rc4 33. Qd2 Qc8
34. b3 Rc3 35. Kf2 b5 36. Ke2 b4 37. Kd1 Kf6 38. Bb1 Rxc1+ 39. Qxc1 Qxc1+ 40.
Kxc1 Ke6 41. Kd2 h5 42. Ke2 Ng6 43. Kf2 Ne7 44. Bd3 Kd6 45. Ke2 Kc7 46. Kf2 Kb6
47. Kg2 a6 48. Be2 a5 49. h3 Ng8 50. hxg4 hxg4 51. Bd1 Nf6 52. Bc2 Ne4 53. Bb1
Kb5 54. Bd3+ Kb6 55. Bb1 Nd6 56. Bd3 1/2-1/2

[Event "Tournoi Skype 030A"]
[Site "Skype"]
[Date "????.??.??"]
[Round "3.18"]
[White "Sauvaget, Joel"]
[Black "Gadow, Martin"]
[Result "0-1"]
[WhiteElo "1290"]
[BlackElo "1485"]
[PlyCount "74"]

1. d4 Nf6 2. e3 d5 3. c4 e6 4. Nd2 Be7 5. Ngf3 dxc4 6. Bxc4 O-O 7. O-O c5 8. b3
cxd4 9. Nxd4 a6 10. N2f3 b5 11. Be2 Nbd7 12. Bb2 Bb7 13. Rc1 Rc8 14. Rxc8 Qxc8
15. Qc1 Qa8 16. Qd1 Nd5 17. Qa1 Bf6 18. Nc2 Rc8 19. Nce1 Bxb2 20. Qxb2 Nc3 21.
Qd2 Nf6 22. Nd4 Nce4 23. Qd1 Nc3 24. Qd2 Nxe2+ 25. Qxe2 Be4 26. f3 Bg6 27. Nd3
Bxd3 28. Qxd3 Rd8 29. Qe2 Qb7 30. Rc1 Rc8 31. Qb2 Nd5 32. e4 Nf4 33. Rxc8+ Qxc8
34. Qc2 Qd8 35. Ne2 Nd3 36. Qd2 Qb6+ 37. Kf1 Qf2# 0-1

[Event "Tournoi Skype 030A"]
[Site "Skype"]
[Date "????.??.??"]
[Round "3.20"]
[White "Sequeda Pimiento, Javier Ricardo"]
[Black "Yeter, Orhan"]
[Result "0-1"]
[WhiteElo "1434"]
[BlackElo "1252"]
[PlyCount "56"]

1. e4 e5 2. Nf3 Nc6 3. Bc4 Nf6 4. Ng5 d5 5. exd5 Na5 6. Bb5+ c6 7. dxc6 bxc6 8.
Ba4 h6 9. Nf3 e4 10. Ne5 Qc7 11. d4 Bd6 12. Bf4 O-O 13. O-O Bb7 14. Nd2 c5 15.
c3 Rad8 16. Re1 cxd4 17. cxd4 Nd5 18. Rc1 Qb8 19. Bg3 Nb4 20. Nxe4 Bxe4 21.
Rxe4 Qb7 22. Re1 Bxe5 23. Rxe5 Nac6 24. Rb5 Qa6 25. Rcc5 Nxd4 26. Rxb4 Ne2+ 27.
Qxe2 Qxe2 28. h3 Qe1+ 0-1

[Event "Tournoi Skype 030A"]
[Site "Skype"]
[Date "????.??.??"]
[Round "3.21"]
[White "Junqueira, Leonardo De Faria"]
[Black "L'Herbon De Lussats, Jean"]
[Result "0-1"]
[WhiteElo "1408"]
[BlackElo "1245"]
[PlyCount "104"]

1. e4 c5 2. d4 cxd4 3. c3 dxc3 4. Nxc3 Nc6 5. Nf3 e5 6. Bc4 h6 7. O-O Nf6 8.
Nb5 d6 9. Be3 a6 10. Nc3 b5 11. Bb3 Be7 12. Nd5 O-O 13. Nxf6+ Bxf6 14. Qc2 Bb7
15. Rad1 Rc8 16. Qb1 Ne7 17. Rc1 d5 18. Rfd1 d4 19. Bd2 Qb6 20. Bb4 Rc7 21.
Rxc7 Qxc7 22. Rc1 Qd7 23. Qd3 Rc8 24. Rc2 Qg4 25. Rxc8+ Nxc8 26. Bc2 Qe6 27.
Bb3 Qd7 28. Qc2 Nd6 29. Bxd6 Qxd6 30. Qd3 Be7 31. h3 Kf8 32. Nh2 f6 33. f3 Qc5
34. Bc2 Qb4 35. b3 Qe1+ 36. Nf1 Qa5 37. Bb1 Bc6 38. Qc2 Qb6 39. Qd3 b4 40. Qc4
Bb5 41. Qc8+ Kf7 42. Kh2 Bxf1 43. Qa8 d3 44. Qd5+ Kf8 45. Bxd3 Bxd3 46. Qxd3
Qd4 47. Qc2 Bc5 48. Qc1 Qf2 49. Qd1 Ke7 50. Qd5 Qg1+ 51. Kg3 Bf2+ 52. Kg4 Qxg2+
0-1

[Event "Tournoi Skype 030A"]
[Site "Skype"]
[Date "????.??.??"]
[Round "3.23"]
[White "Trivedi, Viral"]
[Black "Abate, Leonardo"]
[Result "0-1"]
[WhiteElo "1210"]
[BlackElo "1380"]
[PlyCount "126"]

1. d4 Nf6 2. Bf4 Nh5 3. Bg3 Nxg3 4. hxg3 d5 5. e3 Nd7 6. Bd3 Nf6 7. Nf3 e6 8.
c3 c5 9. Nbd2 cxd4 10. exd4 Bd6 11. Ng5 g6 12. Ndf3 h6 13. Ne5 Bxe5 14. dxe5
Qc7 15. exf6 Qe5+ 16. Qe2 Qxg5 17. Bb5+ Bd7 18. Bxd7+ Kxd7 19. Qb5+ Kc7 20.
Qc5+ Kd7 21. Qe7+ Kc6 22. Qxf7 Qe5+ 23. Kf1 Rhf8 24. Qxg6 Rxf6 25. Qd3 Raf8 26.
f3 Qxg3 27. Rh3 Rxf3+ 28. gxf3 Qxh3+ 29. Ke2 Qg2+ 30. Ke1 Qg1+ 31. Qf1 Qxf1+
32. Kxf1 Rxf3+ 33. Ke2 Rh3 34. Rf1 Rh2+ 35. Kd3 Rxb2 36. Rf6 Kd6 37. Rxh6 Rxa2
38. Rh7 b6 39. c4 dxc4+ 40. Kxc4 Rc2+ 41. Kb3 Rc7 42. Rh4 e5 43. Kb4 Kd5 44.
Rh5 Kd4 45. Rh4+ e4 46. Kb5 Kd3 47. Ka6 e3 48. Rh1 e2 49. Re1 Kd2 50. Rxe2+
Kxe2 51. Kb5 Kd3 52. Kb4 Kd4 53. Kb5 Rc5+ 54. Kb4 a5+ 55. Kb3 b5 56. Ka3 a4 57.
Kb2 Kd3 58. Ka3 Rc3+ 59. Kb2 a3+ 60. Kb1 b4 61. Ka2 Rc2+ 62. Kb1 b3 63. Ka1
Rc1# 0-1

[Event "Tournoi Skype 030A"]
[Site "Skype"]
[Date "????.??.??"]
[Round "3.24"]
[White "Bendre, Pankaj"]
[Black "Alarcon Alarcon, Florentina"]
[Result "0-1"]
[WhiteElo "1182"]
[BlackElo "1378"]
[PlyCount "116"]

1. d4 d5 2. Nf3 Nf6 3. c3 e6 4. Bf4 c5 5. e3 b6 6. Bd3 Bd6 7. Ne5 O-O 8. Nd2
cxd4 9. exd4 Bb7 10. O-O Nc6 11. Ndf3 Rc8 12. h3 h6 13. a3 Na5 14. Bh2 Qc7 15.
Re1 a6 16. Qd2 b5 17. Qe2 Nb3 18. Rab1 Ne4 19. Bc2 Na5 20. Qd3 Nc6 21. Nd2 Nxe5
22. dxe5 Bc5 23. Nxe4 dxe4 24. Qg3 Rcd8 25. Re2 Rd7 26. Qg4 Kh7 27. Bg3 Qd8 28.
Bxe4+ Bxe4 29. Qxe4+ g6 30. Qc2 Rd3 31. Bf4 Qd7 32. Ree1 Rd8 33. b4 Bb6 34. Kh2
Qc7 35. Rbd1 Rxd1 36. Rxd1 Rxd1 37. Qxd1 Bxf2 38. Qd3 Kg7 39. Bxh6+ Kxh6 40.
Qd2+ Kg7 41. Qxf2 Qxe5+ 42. Qg3 Qd5 43. Qe3 e5 44. Kg3 e4 45. Kf2 Qf5+ 46. Kg1
g5 47. Qd4+ Kg6 48. Qb6+ Qe6 49. Qe3 f5 50. Kf2 Qd6 51. g3 Kf6 52. h4 gxh4 53.
gxh4 Qh2+ 54. Kf1 Qxh4 55. Qd4+ Kg5 56. Qg7+ Kf4 57. Qc7+ Kf3 58. Qg7 Qf2# 0-1

[Event "Tournoi Skype 030A"]
[Site "Skype"]
[Date "????.??.??"]
[Round "3.25"]
[White "Carballo, Jorge"]
[Black "Vello, Pablo"]
[Result "1-0"]
[WhiteElo "1367"]
[BlackElo "1135"]
[PlyCount "82"]

1. d4 Nf6 2. Nf3 d5 3. Bf4 c5 4. c3 cxd4 5. cxd4 Nc6 6. e3 e6 7. Bd3 Bd6 8. Ne5
Qb6 9. Qc2 Nb4 10. Qa4+ Nd7 11. Bb5 Qd8 12. Nxd7 Bxd7 13. Bxd6 Nc2+ 14. Qxc2
Bxb5 15. Qc7 Qxc7 16. Bxc7 O-O 17. Nc3 Ba6 18. Rc1 Rfc8 19. Bg3 b5 20. b4 Rc4
21. a3 Rac8 22. Kd2 R8c6 23. Ne2 Kf8 24. Nf4 g6 25. Nh3 h6 26. f4 Bc8 27. Nf2
Ke7 28. Nd3 Rxc1 29. Rxc1 Rc4 30. Ne5 Rxc1 31. Kxc1 Kf6 32. Nc6 a6 33. Ne5 Kg7
34. Kd2 f6 35. Nd3 f5 36. Bh4 h5 37. Ne5 Bb7 38. Nd7 Kf7 39. Kc3 Ke8 40. Nc5
Bc8 41. a4 bxa4 1-0

[Event "Tournoi Skype 030A"]
[Site "Skype"]
[Date "????.??.??"]
[Round "3.27"]
[White "Aravena, Alvaro"]
[Black "Vasquez Cienfuegos, Oscar"]
[Result "0-1"]
[WhiteElo "1646"]
[BlackElo "1370"]
[PlyCount "52"]

1. e4 c6 2. d4 d5 3. exd5 Qxd5 4. Nc3 Qa5 5. Nf3 Nf6 6. Bd2 Qc7 7. Bd3 Bg4 8.
h3 Bxf3 9. Qxf3 Nbd7 10. O-O-O e6 11. a3 Be7 12. g4 h6 13. h4 O-O-O 14. g5 hxg5
15. hxg5 Nd5 16. Qxf7 Nxc3 17. Bxc3 Qd6 18. Bd2 Rhf8 19. Qxg7 Rxf2 20. Rh7 Bf8
21. Qg6 Be7 22. Re1 Nf8 23. Qg7 Nxh7 24. Qxh7 Rxd2 25. Kxd2 Qf4+ 26. Kd1 Bxg5
0-1

[Event "Tournoi Skype 030A"]
[Site "Skype"]
[Date "????.??.??"]
[Round "3.28"]
[White "Galani, Mahendra"]
[Black "Sanchez Ruiz, Justo"]
[Result "0-1"]
[WhiteElo "1395"]
[BlackElo "1550"]
[PlyCount "100"]

1. d4 e6 2. e4 c5 3. c3 d5 4. e5 Nc6 5. Bb5 Bd7 6. Bxc6 bxc6 7. Nf3 Qb6 8. O-O
cxd4 9. cxd4 c5 10. Nc3 cxd4 11. Nxd4 Bc5 12. Nce2 Ne7 13. Nb3 Ba4 14. Qd3 Bxb3
15. axb3 Ng6 16. Ra6 Qb7 17. Ra5 Bb6 18. Qb5+ Qd7 19. Qxd7+ Kxd7 20. Ra4 Nxe5
21. Nf4 Rac8 22. Bd2 Rc2 23. Bc3 f6 24. Ra2 Ng4 25. Be1 Rhc8 26. Nd3 Re2 27. h3
Nh6 28. Nf4 Rec2 29. Nd3 Nf5 30. g4 Ng3 31. Ba5 Nxf1 32. Kxf1 R8c7 33. Bxb6
axb6 34. Nb4 Rc1+ 35. Kg2 Kd6 36. Ra6 Rb7 37. Nd3 Rd1 38. Nb4 Rd2 39. Ra2 Rc7
40. Kf3 e5 41. Ke3 Rd4 42. Nd3 Re4+ 43. Kd2 Rd4 44. Ke3 Rc2 45. f4 Rh2 46.
fxe5+ fxe5 47. Nf2 Rf4 48. Nd3 Rxh3+ 49. Ke2 Re4+ 50. Kd2 Rd4 0-1

[Event "Tournoi Skype 030A"]
[Site "Skype"]
[Date "????.??.??"]
[Round "3.29"]
[White "Alvarez, Juan Evangelista"]
[Black "Couto, Januario"]
[Result "1/2-1/2"]
[WhiteElo "1529"]
[BlackElo "1387"]
[PlyCount "30"]

1. c4 f5 2. d4 Nf6 3. Nf3 d6 4. Nc3 g6 5. Bg5 Bg7 6. Bxf6 Bxf6 7. e4 fxe4 8.
Nxe4 Bg7 9. Qc2 Bf5 10. Bd3 O-O 11. O-O-O e6 12. Ng3 Bxd3 13. Rxd3 Nd7 14. h4
Qf6 15. h5 c5 1/2-1/2

[Event "Tournoi Skype 030A"]
[Site "Skype"]
[Date "????.??.??"]
[Round "3.30"]
[White "Fernandez Zaldivar, Antonio"]
[Black "Munoz Gonzalez, Martin"]
[Result "1-0"]
[WhiteElo "1291"]
[BlackElo "1412"]
[PlyCount "51"]

1. e4 e6 2. d3 d5 3. Qe2 Nc6 4. Nf3 Be7 5. g3 dxe4 6. dxe4 e5 7. c3 Nf6 8. Bg2
Bg4 9. O-O Qd7 10. Qc2 Bh3 11. Rd1 Qg4 12. Re1 O-O 13. Bg5 Nd7 14. Bxe7 Nxe7
15. Qb3 Bxg2 16. Kxg2 Rab8 17. Nbd2 Ng6 18. h3 Qh5 19. Qa4 Nc5 20. Qxa7 Nd3 21.
Re3 Ndf4+ 22. Kg1 Nxh3+ 23. Kf1 Ng5 24. Ng1 Qh1 25. Qa4 Qxg1+ 26. Kxg1 1-0

[Event "Tournoi Skype 030A"]
[Site "Skype"]
[Date "????.??.??"]
[Round "3.31"]
[White "Tembhurnekar, Ritu"]
[Black "Hadla, Mohammad Ali"]
[Result "0-1"]
[WhiteElo "1011"]
[BlackElo "1627"]
[PlyCount "72"]

1. d4 Nf6 2. Nf3 e6 3. e3 Nc6 4. c4 b6 5. d5 exd5 6. cxd5 Bb4+ 7. Nc3 Ne7 8.
Bc4 Bb7 9. O-O Bxc3 10. bxc3 Nexd5 11. Qc2 O-O 12. Bd3 h6 13. c4 Nb4 14. Qe2
Nxd3 15. Qxd3 Bxf3 16. gxf3 Re8 17. Kh1 Re5 18. Rg1 Nh5 19. e4 Qf6 20. Qe2 Nf4
21. Bxf4 Qxf4 22. Rae1 Rae8 23. Rg4 Qf6 24. Reg1 Rg5 25. Rxg5 hxg5 26. Qe3 Re5
27. Qd3 d6 28. Rg3 Ra5 29. a3 Qa1+ 30. Rg1 Qxa3 31. Qxa3 Rxa3 32. Rxg5 Rxf3 33.
Kg2 Rc3 34. f4 Rxc4 35. Kf3 f6 36. Rd5 Kf7 0-1

[Event "Tournoi Skype 030A"]
[Site "Skype"]
[Date "????.??.??"]
[Round "3.32"]
[White "Thoune, Jim"]
[Black "Hague, Mark"]
[Result "1-0"]
[WhiteElo "1598"]
[BlackElo "1395"]
[PlyCount "99"]

1. d4 Nf6 2. c4 g6 3. Nc3 Bg7 4. e4 d6 5. h3 Nc6 6. Be3 e5 7. d5 Ne7 8. Qd2 h5
9. Nge2 Bd7 10. f4 c5 11. fxe5 dxe5 12. O-O-O b6 13. Kb1 Neg8 14. Nc1 Bh6 15.
Be2 Bxe3 16. Qxe3 Qc7 17. Rhf1 O-O-O 18. Nb5 Bxb5 19. cxb5 Rd6 20. Bc4 Ne7 21.
Nd3 Nexd5 22. exd5 Nxd5 23. Bxd5 Rxd5 24. Qf3 Rhd8 25. Nf2 Rxd1+ 26. Rxd1 Rxd1+
27. Nxd1 Kb8 28. Nc3 f5 29. Qd5 e4 30. Qg8+ Qc8 31. Qxg6 e3 32. Qd6+ Qc7 33.
Qxc7+ Kxc7 34. Nd5+ Kd6 35. Nxe3 Ke5 36. Kc2 Kf4 37. Nf1 h4 38. Kd3 Ke5 39. Ke3
f4+ 40. Kf3 c4 41. Kg4 Kd4 42. Kxh4 Kd3 43. Kg4 Kc2 44. Kxf4 Kxb2 45. g4 c3 46.
Ne3 Kc1 47. g5 Kd2 48. g6 c2 49. Nxc2 Kxc2 50. g7 1-0

[Event "Tournoi Skype 030A"]
[Site "Skype"]
[Date "????.??.??"]
[Round "3.33"]
[White "Engstrom, Olle"]
[Black "Escudero Ocana, Francisco"]
[Result "1-0"]
[WhiteElo "1438"]
[BlackElo "1393"]
[PlyCount "35"]

1. e4 e5 2. Nf3 Nc6 3. Bb5 Bb4 4. c3 Bc5 5. O-O d6 6. d4 exd4 7. cxd4 Nf6 8.
dxc5 O-O 9. Bg5 Ne5 10. Nxe5 dxe5 11. Nc3 Qe7 12. Bxf6 Qxf6 13. Nd5 Qg6 14.
Ne7+ Kh8 15. Nxg6+ fxg6 16. f4 c6 17. Bc4 exf4 18. Rxf4 1-0

[Event "Tournoi Skype 030A"]
[Site "Skype"]
[Date "????.??.??"]
[Round "3.34"]
[White "Davis, Michael"]
[Black "Gharbi, Said"]
[Result "0-1"]
[WhiteElo "1359"]
[BlackElo "1434"]
[PlyCount "114"]

1. e4 e5 2. Nf3 Nc6 3. Nc3 Bc5 4. Bc4 d6 5. d3 Bg4 6. Bxf7+ Kxf7 7. Ng5+ Ke8 8.
Qxg4 Nf6 9. Qe6+ Qe7 10. Qxe7+ Kxe7 11. Nd5+ Nxd5 12. exd5 Nb4 13. Ne6 Nxc2+
14. Ke2 Nxa1 15. Bg5+ Kd7 16. Nxc5+ dxc5 17. Rxa1 Kd6 18. Rc1 Kxd5 19. b4 b6
20. bxc5 bxc5 21. Be3 Rab8 22. Rxc5+ Kd6 23. Rc2 a5 24. Bc5+ Kd7 25. Ke3 Rb1
26. Kf3 Rhb8 27. Ba3 R8b5 28. g3 Rd5 29. Ke2 g5 30. Kf3 Rd1 31. Ke4 R1xd3 32.
Bb2 Kd6 33. Bxe5+ Kd7 34. Rxc7+ Ke8 35. Rxh7 Rd7 36. Rh8+ Kf7 37. Rh7+ Kg6 38.
Rh8 Ra3 39. Rg8+ Kh5 40. Rh8+ Kg6 41. Rg8+ Kf7 42. Rxg5 Rxa2 43. Rg7+ Ke6 44.
Rxd7 Kxd7 45. f4 Rxh2 46. g4 Rg2 47. Kf5 Ke7 48. g5 Kf7 49. Bf6 a4 50. Ke4 Kg6
51. f5+ Kf7 52. Ke5 a3 53. g6+ Kg8 54. Ke6 Re2+ 55. Kd5 a2 56. Ba1 Re1 57. Be5
Rxe5+ 0-1

[Event "Tournoi Skype 030A"]
[Site "Skype"]
[Date "????.??.??"]
[Round "3.35"]
[White "Zenini, Simone"]
[Black "Pouteau, Pascal"]
[Result "0-1"]
[WhiteElo "1411"]
[BlackElo "1349"]
[PlyCount "68"]

1. d4 Nf6 2. c4 d5 3. Nc3 e6 4. Nf3 Bb4 5. Bd2 O-O 6. cxd5 exd5 7. e3 Nc6 8.
Be2 Re8 9. O-O Ne4 10. Nxe4 dxe4 11. Ne1 Bd6 12. g3 Bh3 13. Ng2 Qf6 14. Bg4
Bxg4 15. Qxg4 Rad8 16. a3 a6 17. b4 b5 18. Rfb1 Qe7 19. Rc1 Nb8 20. Nh4 g6 21.
Ng2 h5 22. Qe2 Nd7 23. Ne1 Nf6 24. Nc2 Nd5 25. Qe1 Qg5 26. a4 h4 27. axb5 hxg3
28. fxg3 Re6 29. bxa6 Rf6 30. Ra5 Rf3 31. Kg2 Kg7 32. Rca1 Rh8 33. a7 Rxh2+ 34.
Kg1 Qh5 0-1

[Event "Tournoi Skype 030A"]
[Site "Skype"]
[Date "????.??.??"]
[Round "3.36"]
[White "Bagayatkar, Madan"]
[Black "Pasasin, Alejandro"]
[Result "1-0"]
[WhiteElo "1405"]
[BlackElo "1304"]
[PlyCount "95"]

1. e4 e5 2. Nf3 Nc6 3. Be2 Nf6 4. d3 Be7 5. h3 h6 6. c3 d6 7. d4 Nxe4 8. d5 Nb8
9. Qa4+ Nd7 10. Qxe4 O-O 11. Qc2 Nf6 12. c4 Nh5 13. Nxe5 dxe5 14. Bxh5 f5 15.
Nc3 Bb4 16. a3 Bxc3+ 17. Qxc3 Qf6 18. Be2 Bd7 19. O-O f4 20. Bg4 Bxg4 21. hxg4
Rae8 22. Bd2 Qh4 23. Qh3 Qxh3 24. gxh3 f3 25. Be3 a6 26. b4 Rf6 27. Kh2 Ref8
28. Rad1 Kh7 29. Bc5 R8f7 30. Rfe1 b6 31. Be3 g6 32. a4 h5 33. a5 hxg4 34. hxg4
Kg8 35. axb6 Rh7+ 36. Kg3 cxb6 37. Bg5 Rf8 38. Rxe5 Rc7 39. Re4 Kg7 40. Be3 b5
41. c5 Kf6 42. Re6+ Kf7 43. Rxa6 g5 44. d6 Rd7 45. Bxg5 Kg6 46. Be3 Rh8 47.
Kxf3 Kf6 48. Bd4+ 1-0